MDQL
is popping MORE tags! Check the
thread
!
Quizzes
Events
Quiz Creation
Community
Videos
Private Events
Remove Ads
Sign In
Join for FREE
Feedback
Dark Mode
Quiz Categories
Sports
Geography
Music
Movies
Television
Just For Fun
Miscellaneous
History
Literature
Language
Science
Gaming
Entertainment
Religion
Holiday
For Kids
Quiz Lab
Recent
Popular Today
Quiz Kudos Today
Editor Picks
Curator Picks
Quizzes by...
Day
Popularity
Type
Ratings
Length
Year
Community
Subscriptions
Recent Discussions
Orange Saloon
Badges
Playlists
Quests
Create
Leaderboards
Showdown
Live 5
Trivia Bingo
Activity
Puzzle Library
Sporcle Events
Private Events
Virtual Trivia
Globe League
Become a Host
Pub Owners
SporcleCon
Opinionation
Our Games
Videos
Blog
Mobile Apps
Partnerships
Remove Ads and Go Orange
Feedback
Television
TV Characters
TV Show
Sitcom
Network
Friends
Reality Shows
Cast
South Park
Star Trek
The Simpsons
Doctor Who
Television
TV Characters
TV Show
Sitcom
Network
Friends
Reality Shows
Cast
South Park
Star Trek
The Simpsons
Doctor Who
Random Quiz
Search Sporcle
×
Quiz Lab
Quiz Lab
Television
Dating
Select answers by clicking on text or image buttons
Select answers by clicking on text or image buttons
Clickable
Best Score? Go Orange.
Gossip Girl Minefield I: People Serena Has Dated Stats
Can you pick the people Serena has dated WITHOUT picking any she hasn't dated?
By
amazingirl321
5m
10 Questions
8,121 Plays
8,121 Plays
8,121 Plays
Comments
Comments
Give Quiz Kudos
Give Quiz Kudos
-
- Ratings
hide this ad
Minefield
Wrong answers will end the quiz
Wrong answers will end the quiz
Random Order
Randomize order of answers
Randomize order of answers
Replay
Link that replays current quiz
Next Quiz
Link to next quiz in quiz playlist
You Got
0%
They Got
Avg Score
66%
Avg Friend Score
Upgrade to see
Score Distribution
Jump to the score distribution portion of the page
Score
0/10
Timer
05:00
0
Plays Today
% Correct
???
80.8%
???
80.5%
???
76.9%
???
76.8%
???
73.3%
???
72.1%
???
66%
???
57.6%
???
52.8%
???
32.7%
Quiz Playlist
Details
Report
Send in Message
Add To Playlist
Clickable:
Select answers by clicking on text or image buttons
Minefield:
Wrong answers will end the quiz
Random Order:
Randomize order of answers
Last Updated: Feb 16, 2017
Quiz Scoreboard
CHALLENGE
Sign Up to Join the Scoreboard
Show All
Scores
Hide
Comments
May contain spoilers
Recently Published
1-10 Letter E Words III
by El_Dandy
Language
2m
Street Fighter Characters
by Artimus82
Gaming
60s
College Basketball Coaching Resumes
by pancakes188
Sports
9m
More to Explore
Quiz From the Vault
Featured Blog Post
Where Did the Easter Bunny Come From?
hide this ad
You Might Also Like...
Tags
Boyfriend
date
Dated
Dating
girl
girlfriend
gossip
Gossip Girl
Today's Top Quizzes in Television
Browse Television
hide this ad
Today's Top Quizzes in Dating
Browse Dating
Top Contributed Quizzes in Television
1
Survivor Journey Challenge
2
Adjectives in 80s TV Shows
3
5-to-1: The Simpsons Families
4
Adjectives in 00s TV Shows
5
5-to-1: Television Doctors
6
Adjectives in 10s TV Shows
7
7-to-1: TV Show Settings
8
5-to-1: Streaming Originals
9
Adjectives in 70s TV Shows
10
Survivor Seasons
Explore More
Trending Topics
Disney
Harry Potter
Marvel
Crossword
Kpop
Anime
NBA
WWE
NFL
Pokémon
The Office
Country
Song
Soccer
Puzzle
hide this ad
More By:
amazingirl321
Quiz
Plays
Rating
Category
Featured
Created
Gossip Girl Couples
72,076
3.59
Television
Mar 30, 2014
Gossip Girl Quotes
30,231
2.38
Television
Oct 19, 2014
Gossip Girl Minefield I: People Serena Has Dated
8,121
5.00
Television
May 3, 2014
Gossip Girl Minefield II: People Blair Has Dated
4,944
5.00
Television
May 3, 2014
Degrassi Characters (Seasons 1-13, Clickable)
3,555
3.80
Television
Mar 25, 2014
Go to Creator's Profile
Score Distribution
Quiz Creator Spotlight
amazingirl321
Follow
Send a Message
Quizzes Created
-
Created Quiz Play Count
-
More By This Creator
Popular Quizzes Today
1
Find the US States - No Outlines Minefield
2
Find the Countries of Europe - No Outlines Minefield
3
The Countries of the World
4
Find the US States
5
Risky Map Clicking: Biggest States A-Z
6
US States
7
Popular People in 1961
8
Movies - When Are They Set?
More Television Quizzes
Shadowhunters Characters Slideshow
Quiz Lab
Trending Quizzes
Risky Map Clicking: Least Populous States A-Z
Billboard Blitz: Aretha Franklin
Famous Russians: Author or Composer?
Countries of the World: 200 Million BC
1-10 Letter G Words
Recently Updated
Leaping Animals
pecheneg
Reality TV Shows (A-Z)
bhenderson79
Rickey Henderson's Hall of Fame Teammates
pecheneg
Champions League XIs: Arsenal
pecheneg
Quick Pick: Celebrities in WWE's Hall of Fame
aduchscher
A-Z Keypad Blitz II
pecheneg
Multiple Oscar Actors
pecheneg
Mystery Phrase Blitz: Oscar 'Best Actors'
pecheneg
F. Scott Fitzgerald Novels
LTH
Pick 3 Villains
ddd62291
Trending Topics
Disney
Anime
Kpop
Marvel
NBA
Harry Potter
Crossword
WWE
Soccer
Pokémon
Song
Country
The Office
NFL
Puzzle
Your Account Isn't Verified!
In order to create a playlist on Sporcle, you need to verify the email address you used during registration. Go to your
Sporcle Settings
to finish the process.
Report this User
Report this user for behavior that violates our
Community Guidelines
.
Details:
Send Report
Go to the Sporcle.com Mobile Site →
Comments